Equivalencias de transistores
| Main Author: | |
|---|---|
| Format: | Section = Libro |
| Language: | Undetermined Spanish |
| Published: |
Barcelona
Marcombo
1982
|
| Subjects: |
| LEADER | 00493nam a2200193Ia 4500 | ||
|---|---|---|---|
| 008 | 240829s9999 xx 000 0 und d | ||
| 020 | |a 84-267-0321-6 | ||
| 040 | |a BIBLIOTECA-RUSB/ 621.381528 S462 | ||
| 041 | |a spa | ||
| 082 | |a 621.381528 S462 | ||
| 100 | 1 | |a Seitz, Gunther | |
| 245 | 1 | 0 | |a Equivalencias de transistores |
| 260 | |a Barcelona |b Marcombo |c 1982 | ||
| 300 | |a 322 p. :il. | ||
| 650 | 7 | |a TRANSISTORES | |
| 650 | 7 | |b INGENIERIA ELECTRONICA | |
| 942 | |c BK |2 ddc | ||
| 991 | |a TEXTO | ||
| 999 | |c 3426 | ||